College Algebra (Math 113) Custom Edition for the University of Maryland / (Record no. 617035)

000 -LEADER
fixed length control field 00412nam a22001457a 4500
020 ## - INTERNATIONAL STANDARD BOOK NUMBER
Qualifying information PB.
040 ## - CATALOGING SOURCE
Transcribing agency FIZZA ISHAQ
082 ## - DEWEY DECIMAL CLASSIFICATION NUMBER
Classification number 512.0076
Author Mark BLI
100 ## - MAIN ENTRY--PERSONAL NAME
Personal name BLITZER,ROBERT.
9 (RLIN) 131686
245 ## - TITLE STATEMENT
Title College Algebra (Math 113) Custom Edition for the University of Maryland /
Statement of responsibility, etc. ROBERT BLITZER.
250 ## - EDITION STATEMENT
Edition statement 5TH ED.
260 ## - PUBLICATION, DISTRIBUTION, ETC.
Place of publication, distribution, etc. NEW YORK:
Name of publisher, distributor, etc. PEARSON,
Date of publication, distribution, etc. 2010.
300 ## - PHYSICAL DESCRIPTION
Extent 702 P. ;
Dimensions 10.9X8.5IN
942 ## - ADDED ENTRY ELEMENTS (KOHA)
Source of classification or shelving scheme
Koha item type Book
Holdings
Withdrawn status Lost status Source of classification or shelving scheme Damaged status Not for loan Permanent Location Current Location Shelving location Date acquired Total Checkouts Full call number Barcode Date last seen Price effective from Koha item type
          NUST Baluchistan Campus (NBC) NUST Baluchistan Campus (NBC) General Stacks 04/14/2026   512.0076 BLI QD -103 04/14/2026 04/14/2026 Book
© 2023 Central Library, National University of Sciences and Technology. All Rights Reserved.